000 00835 a2200217 4500
010 _aENG-89872
020 _a8124113899
_c595.00
035 _aEN-73405
037 _bDBAD / PUB
082 1 4 _a355.033054
090 _c11900
_d11900
100 1 _aBajwa, Kuldip Singh
245 1 _aIndia's national security:
_bmilitary challenges and responses/
_cby Kuldip Singh Bajwa
260 _aNew Delhi
_bHar-Anand Publications
_c2008
270 _aE-49/3, Okhla Induatrial Area, Phase-II
_bNew Delhi
_e110020
_k41603490
_l41708607
300 _a372p.:
_c22 cm. (Hb)
_bmaps
490 _aMilitary affairs series; edited by Maroof Raza
500 _aIncludes bibliographical references & index.
942 _adpl
_cEN
_k355.033054 / BAJ
999 _c11546
_d11546